00318nam a2200109Ia 450000500170000000800410001710000190005824500790007726000180015630000110017465000230018520260328101459.0260328s9999||||xx |||||||||||||| ||und|| aNelson, George 0aHow to See :b A Guide to Reading Our Manmade Environment /cGeorge Nelson bGeorge Nelson a232 p. aDISEÑO GRÁFICO